|
|
|
|
| LEADER |
00716nab a2200205 i 4500 |
| 001 |
tisza4013 |
| 005 |
20200330123826.0 |
| 008 |
170304s1966 hu o 0|| hun d |
| 022 |
|
|
|a 0133-1167
|
| 040 |
|
|
|a SZTE Tiszatáj Archívum
|b hun
|
| 041 |
|
|
|a hun
|
| 100 |
1 |
|
|a Kulcsár Péter
|
| 245 |
1 |
0 |
|a Két új történelmi regény
|h [elektronikus dokumentum] :
|b Jankovich Ferenc: A budai napkirály /
|c Kulcsár Péter
|
| 260 |
|
|
|c 1966
|
| 300 |
|
|
|a 163-164
|
| 490 |
0 |
|
|a Tiszatáj
|v 20 No. 2
|
| 695 |
|
|
|a Magyar irodalom - regény, Regényelemzés - magyar
|
| 700 |
0 |
1 |
|a Jankovich Ferenc
|
| 700 |
0 |
1 |
|a Jankovich Ferenc
|e aut
|
| 856 |
4 |
0 |
|u http://tiszataj.bibl.u-szeged.hu/4013/1/tiszataj_1966_002_163-164.pdf
|z Dokumentum-elérés
|